000 00320nam a2200109Ia 4500
008 220217s9999||||xx |||||||||||||| ||und||
100 _aNathan, Muthu, P
_96043
245 0 _aWireless communications
260 _aPrentice hall of india
_bNew Delhi
_c2008
300 _aXV,219p.
_b195
650 _aWIRELESS COMMUNICATION
999 _c177366
_d177366